ULTIMATE Rocket League Bodies Quiz; 37 Bodies! - Statistics

General Stats
  • This quiz has been taken 488 times
  • The average score is 21 of 37
Answer Stats
Hint Answer % Correct
Common Octane
95%
Supersonic Fury Dominus
92%
Common Breakout
85%
Batman vs Superman Batmobile
84%
Common Road Hog
78%
Common X-Devil
75%
Supersonic Fury Takumi
74%
Common Merc
73%
CC4 Octane ZSR
68%
CC1 Dominus GT
66%
Revenge of the Battle-Cars Scarab
62%
Common Backfire
61%
CC3 Breakout Type-S
61%
Back to the Future Delorean
60%
Turbo Crate (Upcoming) Endo
60%
Revenge of the Battle-Cars Zippy
60%
PS4 Common Sweet Tooth
58%
Chaos Run Grog
55%
CC2 Road Hog XL
55%
CC1 Takumi RX-T
55%
Common Hotshot
53%
CC2 X-Devil Mk2
52%
Common Venom
51%
Common Paladin
49%
Starbase ARC Vulcan
49%
Common Gizmo
48%
Hot Wheels Bone Shaker
45%
Chaos Run Ripper
45%
DLC Aftershock
44%
Aquadome Proteus
44%
Aquadome Triton
44%
DLC Masamune
41%
DLC Esper
40%
DLC Marauder
36%
Xbox One Common Armadillo
34%
Hot Wheels Twin Mill III
32%
Xbox One Common Hogsticker
26%
No matching quizzes found
Score Distribution
Percent of People with Each Score
Percentile by Number Answered
Your Score History
You have not taken this quiz